[Event "Chojnice op-B 6th"]
[Site "Chojnice"]
[Date "2010.07.10"]
[Round "2.9"]
[White "Maciejewski, Mikolaj"]
[Black "Czerw, Dawid"]
[Result "0-1"]
[WhiteElo "1616"]
[BlackElo "1707"]
[PlyCount "70"]
[EventDate "2010.07.08"]
[EventType "swiss"]
[EventRounds "9"]
[EventCountry "POL"]
[SourceTitle "EXT 2023"]
[Source "ChessBase"]
[SourceDate "2022.10.05"]
[SourceVersion "1"]
[SourceVersionDate "2022.10.05"]
[SourceQuality "1"]

1. e4 e6 2. d4 d5 3. Nc3 Bb4 4. exd5 exd5 5. a3 Ba5 6. Bd3 Nf6 7. Nf3 0-0 8. 0-0 Bg4 9. h3 Bh5 10. Bg5 c6 11. g4 Bg6 12. Bxg6 hxg6 13. Re1 Qd6 14. Bxf6 gxf6 15. Qd3 Nd7 16. b4 Bc7 17. Na4 b6 18. Nb2 b5 19. Re2 Kg7 20. Kg2 Rh8 21. Rh1 Nf8 22. Qd2 Ne6 23. Nd3 Rh7 24. g5 Qd8 25. gxf6+ Qxf6 26. Nde5 Nxd4 27. Re3 Nf5 28. Ree1 Nh4+ 29. Kf1 Bxe5 30. Nxe5 Nf3 31. Nxf3 Qxf3 32. Rh2 Rh4 33. Re3 Qf4 34. Qc3+ d4 35. Qxc6 dxe3 0-1

[Event "Lazy op-B 6th"]
[Site "Lazy"]
[Date "2010.07.03"]
[Round "9"]
[White "Maciejewski, Mikolaj"]
[Black "Kindler, Przemyslaw"]
[Result "0-1"]
[WhiteElo "1613"]
[BlackElo "1630"]
[PlyCount "74"]
[EventDate "2010.06.27"]
[EventType "swiss"]
[EventRounds "9"]
[EventCountry "POL"]
[SourceTitle "EXT 2011"]
[Source "ChessBase"]
[SourceDate "2010.11.26"]
[SourceVersion "1"]
[SourceVersionDate "2010.11.26"]
[SourceQuality "1"]

1. e4 c5 2. d4 cxd4 3. c3 dxc3 4. Nxc3 Nc6 5. Nf3 a6 6. Bc4 Nf6 7. h3 d6 8. 0-0 Bd7 9. Qe2 e6 10. Bg5 Be7 11. Rfd1 Qc7 12. Rac1 0-0 13. Bb3 h6 14. Bh4 b5 15. e5 dxe5 16. Nxe5 Qxe5 17. Bxf6 Bxf6 18. Rxd7 b4 19. Ne4 Nd4 20. Qd3 Rad8 21. Nxf6+ gxf6 22. Rcc7 Rxd7 23. Rxd7 Ne2+ 24. Kf1 Nf4 25. Qxa6 Qe4 26. f3 Qb1+ 27. Rd1 Qxb2 28. Qc4 Qxg2+ 29. Ke1 Qg1+ 30. Kd2 Qf2+ 31. Kc1 Ne2+ 32. Kc2 Nf4+ 33. Rd2 Qxf3 34. Qxb4 Rc8+ 35. Kb1 Nd3 36. Qa3 Qe4 37. Rc2 Qe1+ 0-1

[Event "Lazy op-B 6th"]
[Site "Lazy"]
[Date "2010.06.29"]
[Round "5"]
[White "Maciejewski, Mikolaj"]
[Black "Smal, Tobiasz"]
[Result "0-1"]
[WhiteElo "1613"]
[BlackElo "1622"]
[PlyCount "74"]
[EventDate "2010.06.27"]
[EventType "swiss"]
[EventRounds "9"]
[EventCountry "POL"]
[SourceTitle "EXT 2011"]
[Source "ChessBase"]
[SourceDate "2010.11.26"]
[SourceVersion "1"]
[SourceVersionDate "2010.11.26"]
[SourceQuality "1"]

1. e4 e6 2. d4 d5 3. Nc3 Nf6 4. Bg5 Be7 5. e5 Nfd7 6. Bxe7 Qxe7 7. f4 a6 8. Nf3 c5 9. Qd2 Nc6 10. 0-0-0 c4 11. g4 b5 12. f5 Nb6 13. Bh3 b4 14. Ne2 c3 15. bxc3 Nc4 16. Qg5 Qf8 17. Rdg1 bxc3 18. f6 g6 19. Kd1 Rb8 20. Ke1 Rb2 21. Kf2 h6 22. Qc1 Nb4 23. Ne1 Rxc2 24. Qa1 Rxa2 25. Qc1 c2 26. Bf1 Rb2 27. Nc3 Na2 28. Nxa2 Rxa2 29. Bxc4 dxc4 30. Rg3 Qb4 31. Re3 c3 32. Nd3 Qxd4 33. Rhe1 Qxg4 34. Re4 Qg5 35. Nf4 Bd7 36. Rb4 Rb2 37. Nd3 Qf5+ 0-1